| 000 | 00417nam a2200145Ia 4500 | ||
|---|---|---|---|
| 008 | 210210b1968 xxu||||| |||| 00| 0 eng d | ||
| 082 | _a620.11 STRU | ||
| 100 | _aRose (Robert M). | ||
| 245 | _aSTRUCTURE and PRPERTIES OF MATERIALS V4 - Electronic properties. | ||
| 260 |
_aND _bWE Pvt ltd _c1968 |
||
| 300 | _ax,306 | ||
| 650 | _aStructure properties materials electronic | ||
| 690 | _aEngineering | ||
| 906 | _a039635 | ||
| 999 |
_c89692 _d89692 |
||